Döbröghyné Ludas Panni Erdővárosok

Bibliographic Details
Main Author: Bánki, Éva, 1966- (Author)
Format: Article
Language:Slovak
Hungarian
ISSN:1335-1826
Subjects:

MARC

LEADER 00000nab a2200000 a 4500
001 vtls008837096
003 SK-MaSNL
005 20260304133630.0
008 250505c2006 xo |||||||| |000 b|slo
015 |a SNBRB2006/08  |2 snkbucl 
035 |a (uuid)c27b0958-deb2-4a73-8ddb-713944e98576 
035 |a urn:nbn:sk:snk-ab1wjp 
035 |a (urnnbn)urn:nbn:sk:snk:ar-a014y8 
038 |a SNKBUCL 
040 |a SNKBUCL  |b slo  |c SNKBUCL  |e AACR2 
041 0 |a hun 
044 |a xo  |c SK 
080 |a 821.511.141-32=511.141  |2 1997 
100 1 |a Bánki, Éva,  |d 1966-  |4 aut  |9 100711 
245 1 0 |a Döbröghyné Ludas Panni  |b Erdővárosok  |c Bánki Éva 
650 0 7 |a psychologické poviedky, maďarské  |2 snkbucl  |9 71096 
740 0 2 |a Erdővárosok 
773 0 |t Kalligram : művészet és gondolat  |g Évf. XV, sz. május-június (2006), o. 7-19  |x 1335-1826 
850 |a Slovenská národná knižnica 
852 |a Slovenská národná knižnica 
958 |a article27 
958 |a OND 
958 |a HU 
958 |a LX 
958 |a EUIPO 
999 |c 2902805  |d 2904735